| 000 | 00498 a2200157 4500 | ||
|---|---|---|---|
| 003 | OSt | ||
| 005 | 20231208152026.0 | ||
| 008 | 231208b |||||||| |||| 00| 0 eng d | ||
| 020 | _a9789356430457 | ||
| 040 | _coclc | ||
| 082 |
_a954.83 _bPAL/M |
||
| 245 |
_aMALABARUM BRITISH ADHINIVESAVUM SAMPATH SAMOOHAM SAMSKARAM / _cedited by Dr. Sathish Palanki, Shameerali Mankada |
||
| 260 |
_bD C Books, _c2023. |
||
| 300 | _a240p | ||
| 942 |
_2ddc _cBK _h954.83 _iPAL/M _k954.83 _mPAL/M |
||
| 999 |
_c44186 _d44186 |
||